[Event "EYCC 2024 - O12"]
[Site "?"]
[Date "2024.08.26"]
[Round "5.9"]
[White "Hanache, Kai"]
[Black "Kiszkiel, Oskar"]
[Result "1-0"]
[BlackElo "1992"]
[WhiteElo "2057"]
[LiveChessVersion "1.4.8"]

1. e4 {[%clk 1:30:51]} c5 {[%clk 1:30:56]} 2. Nf3 {[%clk 1:31:12]} Nc6
{[%clk 1:31:20]} 3. Bb5 {[%clk 1:31:33]} e6 {[%clk 1:31:34]} 4. O-O
{[%clk 1:31:39]} Nge7 {[%clk 1:31:58]} 5. Re1 {[%clk 1:31:39]} a6
{[%clk 1:22:23]} 6. Bf1 {[%clk 1:31:29]} Ng6 {[%clk 1:14:19]} 7. c3
{[%clk 1:24:22]} Be7 {[%clk 1:13:17]} 8. d4 {[%clk 1:24:01]} cxd4
{[%clk 1:02:08]} 9. cxd4 {[%clk 1:23:07]} d5 {[%clk 1:02:37]} 10. e5
{[%clk 1:20:35]} Bd7 {[%clk 0:56:33]} 11. g3 {[%clk 1:18:44]} Qb6
{[%clk 0:38:33]} 12. Nc3 {[%clk 1:15:50]} Bb4 {[%clk 0:35:33]} 13. a3
{[%clk 1:11:09]} Bxc3 {[%clk 0:35:52]} 14. bxc3 {[%clk 1:11:36]} Na5
{[%clk 0:35:39]} 15. Bd3 {[%clk 1:10:36]} Qc6 {[%clk 0:34:20]} 16. Qc2
{[%clk 1:07:39]} Rc8 {[%clk 0:33:24]} 17. Ng5 {[%clk 1:03:09]} Nc4
{[%clk 0:20:07]} 18. Qe2 {[%clk 0:59:51]} Qc7 {[%clk 0:09:22]} 19. Qf3
{[%clk 0:43:31]} Bc6 {[%clk 0:08:01]} 20. Qh5 {[%clk 0:43:08]} Nf8
{[%clk 0:06:54]} 21. f4 {[%clk 0:42:51]} Qe7 {[%clk 0:05:06]} 22. f5
{[%clk 0:42:36]} g6 {[%clk 0:05:13]} 23. Qh6 {[%clk 0:42:34]} gxf5
{[%clk 0:05:20]} 24. Qg7 {[%clk 0:42:15]} Ng6 {[%clk 0:05:49]} 25. Nxh7
{[%clk 0:41:50]} Rxh7 {[%clk 0:05:46]} 26. Qxh7 {[%clk 0:42:03]} Kd7
{[%clk 0:05:59]} 27. Bh6 {[%clk 0:39:04]} Rh8 {[%clk 0:03:53]} 28. Qg7
{[%clk 0:39:27]} Qf8 {[%clk 0:03:59]} 29. Qxf8 {[%clk 0:37:11]} Nxf8
{[%clk 0:04:27]} 30. Bxf8 {[%clk 0:37:24]} Rxf8 {[%clk 0:04:57]} 31. Bxc4
{[%clk 0:37:02]} dxc4 {[%clk 0:05:26]} 32. Kf2 {[%clk 0:36:11]} Rh8
{[%clk 0:05:10]} 33. h4 {[%clk 0:35:45]} b5 {[%clk 0:03:22]} 34. Rg1
{[%clk 0:35:38]} f4 {[%clk 0:03:25]} 35. Raf1 {[%clk 0:35:15]} Ke7
{[%clk 0:03:29]} 36. gxf4 {[%clk 0:33:34]} Rxh4 {[%clk 0:03:56]} 37. Kg3
{[%clk 0:33:21]} Rh8 {[%clk 0:04:03]} 38. f5 {[%clk 0:33:23]} Rg8+
{[%clk 0:03:57]} 39. Kf4 {[%clk 0:33:47]} Rh8 {[%clk 0:04:13]} 40. fxe6
{[%clk 0:32:05]} Kxe6 {[%clk 0:04:42]} 41. Ke3 {[%clk 0:31:47]} Rh3+
{[%clk 0:04:44]} 42. Kd2 {[%clk 0:31:50]} Rh6 {[%clk 0:03:38]} 43. Rf2
{[%clk 0:31:27]} Ke7 {[%clk 0:03:04]} 44. Rg8 {[%clk 0:31:51]} Rh3
{[%clk 0:03:02]} 45. Rb8 {[%clk 0:31:37]} Rd3+ {[%clk 0:03:27]} 46. Kc2
{[%clk 0:32:00]} Be4 {[%clk 0:03:47]} 47. Kb2 {[%clk 0:32:17]} Rd1
{[%clk 0:03:46]} 48. Re2 {[%clk 0:31:55]} Bf3 {[%clk 0:03:07]} 49. Rf2
{[%clk 0:32:00]} Be4 {[%clk 0:03:33]} 50. Rb6 {[%clk 0:32:00]} a5
{[%clk 0:03:17]} 51. Ra6 {[%clk 0:31:46]} Bg6 {[%clk 0:03:16]} 52. Rxa5
{[%clk 0:31:38]} Rb1+ {[%clk 0:03:44]} 53. Ka2 {[%clk 0:31:53]} Rb3
{[%clk 0:04:13]} 54. d5 {[%clk 0:32:00]} 1-0

[Event "EYCC 2024 - O12"]
[Site "?"]
[Date "2024.08.26"]
[Round "5.10"]
[White "Lilliehook, Victor"]
[Black "Papai, Mate"]
[Result "0-1"]
[BlackElo "1985"]
[WhiteElo "2040"]
[LiveChessVersion "1.4.8"]

1. e4 {[%clk 1:30:59]} c5 {[%clk 1:30:55]} 2. Nf3 {[%clk 1:31:25]} e6
{[%clk 1:31:21]} 3. d3 {[%clk 1:31:47]} Nc6 {[%clk 1:31:08]} 4. g3
{[%clk 1:32:10]} d5 {[%clk 1:30:21]} 5. Qe2 {[%clk 1:32:34]} d4 {[%clk 1:27:08]}
6. e5 {[%clk 1:27:31]} Nge7 {[%clk 1:22:05]} 7. Bg2 {[%clk 1:26:59]} Nd5
{[%clk 1:20:44]} 8. O-O {[%clk 1:23:00]} Be7 {[%clk 1:21:06]} 9. h4
{[%clk 1:19:05]} h6 {[%clk 1:20:33]} 10. Re1 {[%clk 1:17:24]} O-O
{[%clk 1:17:14]} 11. Nbd2 {[%clk 1:11:46]} b6 {[%clk 1:14:49]} 12. Nf1
{[%clk 1:07:17]} Bb7 {[%clk 1:13:13]} 13. N1h2 {[%clk 1:04:25]} Re8
{[%clk 1:07:49]} 14. h5 {[%clk 0:56:02]} Bf8 {[%clk 1:02:01]} 15. Ng4
{[%clk 0:47:01]} Nce7 {[%clk 0:56:48]} 16. Nd2 {[%clk 0:40:23]} Nf5
{[%clk 0:42:37]} 17. Ne4 {[%clk 0:39:13]} Kh8 {[%clk 0:42:35]} 18. Nh2
{[%clk 0:32:00]} g5 {[%clk 0:31:12]} 19. Ng4 {[%clk 0:25:24]} Bg7
{[%clk 0:30:23]} 20. Ngf6 {[%clk 0:19:53]} Re7 {[%clk 0:26:43]} 21. Nxd5
{[%clk 0:13:45]} Bxd5 {[%clk 0:19:49]} 22. f4 {[%clk 0:09:53]} gxf4
{[%clk 0:14:59]} 23. Bxf4 {[%clk 0:09:54]} Rd7 {[%clk 0:10:10]} 24. g4
{[%clk 0:05:22]} Ne7 {[%clk 0:09:46]} 25. Nf6 {[%clk 0:03:53]} Bxf6
{[%clk 0:08:34]} 26. exf6 {[%clk 0:04:22]} Ng8 {[%clk 0:09:03]} 27. Be5
{[%clk 0:03:37]} Rc8 {[%clk 0:06:19]} 28. b3 b5 {[%clk 0:06:19]} 29. g5
{[%clk 0:00:37]} hxg5 {[%clk 0:05:51]} 30. Qg4 {[%clk 0:00:48]} Bxg2
{[%clk 0:05:14]} 31. Qxg5 {[%clk 0:00:52]} Qf8 {[%clk 0:04:34]} 32. Kxg2
{[%clk 0:01:01]} Qh6 {[%clk 0:04:51]} 33. Qh4 {[%clk 0:00:38]} c4
{[%clk 0:04:13]} 34. Bf4 {[%clk 0:00:45]} Qh7 {[%clk 0:03:56]} 35. Qg3
{[%clk 0:00:33]} cxd3 {[%clk 0:03:40]} 36. cxd3 {[%clk 0:00:48]} Nh6
{[%clk 0:02:28]} 37. Kh1 {[%clk 0:00:32]} Rg8 {[%clk 0:01:57]} 38. Qh4
{[%clk 0:00:33]} Rg4 {[%clk 0:01:35]} 39. Qh2 {[%clk 0:00:32]} Nf5
{[%clk 0:01:44]} 40. Rac1 {[%clk 0:00:33]} Rd8 {[%clk 0:01:37]} 41. Qe2
{[%clk 0:00:32]} Qxh5+ {[%clk 0:01:50]} 42. Qh2 {[%clk 0:00:54]} Rh4
{[%clk 0:02:11]} 43. Rc2 {[%clk 0:01:10]} Qf3+ {[%clk 0:02:12]} 44. Rg2
{[%clk 0:00:48]} Rxh2+ {[%clk 0:02:37]} 45. Bxh2 {[%clk 0:01:15]} Nh4
{[%clk 0:02:56]} 0-1

[Event "EYCC 2024 - O12"]
[Site "?"]
[Date "2024.08.26"]
[Round "5.11"]
[White "Aeschbacher, Dimitri"]
[Black "Beniosev, Daniel"]
[Result "0-1"]
[BlackElo "1728"]
[WhiteElo "2021"]
[LiveChessVersion "1.4.8"]

1. e4 {[%clk 1:30:52]} c5 {[%clk 1:30:33]} 2. Nf3 {[%clk 1:31:17]} e6
{[%clk 1:30:19]} 3. d4 {[%clk 1:31:44]} cxd4 {[%clk 1:29:31]} 4. Nxd4
{[%clk 1:32:08]} Nc6 {[%clk 1:29:06]} 5. Nxc6 {[%clk 1:31:40]} bxc6
{[%clk 1:28:55]} 6. Bd3 {[%clk 1:31:57]} Nf6 {[%clk 1:28:31]} 7. O-O
{[%clk 1:32:09]} e5 {[%clk 1:25:59]} 8. Kh1 {[%clk 1:31:55]} Bd6 {[%clk 1:23:25]}
9. c4 {[%clk 1:30:46]} O-O {[%clk 1:19:45]} 10. Nc3 {[%clk 1:30:56]} Re8
{[%clk 1:17:52]} 11. h3 {[%clk 1:28:45]} Bc5 {[%clk 1:13:29]} 12. Qe2
{[%clk 1:26:54]} d6 {[%clk 1:12:45]} 13. Be3 {[%clk 1:26:31]} Bxe3
{[%clk 1:09:38]} 14. Qxe3 {[%clk 1:26:28]} Nh5 {[%clk 1:09:31]} 15. Ne2
{[%clk 1:26:34]} Qh4 {[%clk 1:09:43]} 16. Kg1 {[%clk 1:24:30]} Qf6
{[%clk 0:53:14]} 17. Rad1 {[%clk 1:21:16]} g5 {[%clk 0:50:17]} 18. c5
{[%clk 1:16:13]} dxc5 {[%clk 0:47:49]} 19. Qxc5 {[%clk 1:14:36]} g4
{[%clk 0:46:41]} 20. hxg4 {[%clk 1:13:27]} Bxg4 {[%clk 0:47:06]} 21. Bc4
{[%clk 1:11:50]} Bxe2 {[%clk 0:45:22]} 22. Rd6 {[%clk 1:06:59]} Qg5
{[%clk 0:44:46]} 23. Bxe2 {[%clk 1:07:18]} Nf4 {[%clk 0:45:15]} 24. Bf3
{[%clk 1:07:32]} Kh8 {[%clk 0:44:58]} 25. g3 {[%clk 1:06:20]} Ne6
{[%clk 0:32:00]} 26. Qc1 {[%clk 1:04:17]} Qxc1 {[%clk 0:32:06]} 27. Rxc1
{[%clk 1:04:39]} Nd4 {[%clk 0:32:23]} 28. Bg4 {[%clk 1:03:57]} Red8
{[%clk 0:32:31]} 29. Rxd8+ {[%clk 1:03:44]} Rxd8 {[%clk 0:32:53]} 30. Rc5
{[%clk 1:03:49]} f6 {[%clk 0:32:36]} 31. Ra5 {[%clk 1:02:42]} Rg8
{[%clk 0:32:59]} 32. Bd1 {[%clk 1:00:21]} Rb8 {[%clk 0:31:29]} 33. b3
{[%clk 0:59:52]} Rb7 {[%clk 0:31:37]} 34. Kg2 {[%clk 0:59:29]} Kg7
{[%clk 0:31:26]} 35. f4 {[%clk 0:59:27]} Nb5 {[%clk 0:31:03]} 36. Bg4
{[%clk 0:59:11]} exf4 {[%clk 0:30:23]} 37. gxf4 {[%clk 0:59:27]} Kf7
{[%clk 0:30:41]} 38. Ra6 {[%clk 0:58:55]} Nd4 {[%clk 0:29:34]} 39. Ra5
{[%clk 0:58:08]} Nb5 {[%clk 0:29:19]} 40. Kf2 {[%clk 0:54:39]} Ke7
{[%clk 0:28:45]} 41. Ke3 {[%clk 0:53:21]} Kd6 {[%clk 0:28:43]} 42. Ra4
{[%clk 0:53:21]} h6 {[%clk 0:27:43]} 43. Rc4 Na3 {[%clk 0:23:36]} 44. Rd4+
{[%clk 0:53:38]} Ke7 {[%clk 0:23:55]} 45. Rd2 {[%clk 0:54:01]} a5
{[%clk 0:23:50]} 46. Rh2 {[%clk 0:52:21]} a4 {[%clk 0:23:05]} 47. bxa4
{[%clk 0:52:24]} Nc4+ {[%clk 0:23:06]} 48. Kd4 {[%clk 0:51:18]} Nd6
{[%clk 0:23:29]} 49. a3 {[%clk 0:50:24]} Ra7 {[%clk 0:22:07]} 50. Bd1
{[%clk 0:49:24]} Rd7 {[%clk 0:21:41]} 51. Bc2 {[%clk 0:48:49]} Nb5+
{[%clk 0:21:26]} 52. Kc5 {[%clk 0:48:16]} Nxa3 {[%clk 0:21:46]} 53. Bb3
{[%clk 0:48:23]} Rd3 {[%clk 0:21:59]} 54. Rb2 {[%clk 0:47:48]} Re3
{[%clk 0:22:01]} 55. Kd4 {[%clk 0:47:33]} Rf3 {[%clk 0:22:17]} 56. f5
{[%clk 0:47:29]} Kd6 {[%clk 0:22:42]} 57. Bd1 {[%clk 0:47:16]} c5# 0-1

[Event "EYCC 2024 - O12"]
[Site "?"]
[Date "2024.08.26"]
[Round "5.12"]
[White "Marynychenko, Yehor"]
[Black "Akkus, Muhammed Ali"]
[Result "1/2-1/2"]
[BlackElo "1698"]
[WhiteElo "2015"]
[LiveChessVersion "1.4.8"]

1. e4 {[%clk 1:30:51]} c5 {[%clk 1:30:39]} 2. c3 {[%clk 1:31:06]} d5
{[%clk 1:29:44]} 3. exd5 {[%clk 1:31:27]} Qxd5 {[%clk 1:28:52]} 4. d4
{[%clk 1:31:51]} e6 {[%clk 1:27:43]} 5. Nf3 {[%clk 1:28:56]} Nf6 {[%clk 1:26:07]}
6. Bd3 {[%clk 1:26:38]} Be7 {[%clk 1:20:33]} 7. Na3 {[%clk 1:24:02]} O-O
{[%clk 1:14:33]} 8. O-O {[%clk 1:21:14]} Nc6 {[%clk 1:07:53]} 9. Bf4
{[%clk 1:16:33]} cxd4 {[%clk 0:59:15]} 10. cxd4 {[%clk 1:14:10]} Bxa3
{[%clk 0:57:11]} 11. bxa3 {[%clk 1:14:35]} Rd8 {[%clk 0:55:27]} 12. Qe2
{[%clk 1:06:52]} Nxd4 {[%clk 0:50:28]} 13. Nxd4 {[%clk 1:06:11]} Qxd4
{[%clk 0:50:41]} 14. Be5 {[%clk 1:06:09]} Qh4 {[%clk 0:41:33]} 15. Rab1
{[%clk 0:59:07]} b6 {[%clk 0:37:00]} 16. Bxf6 {[%clk 0:58:05]} gxf6
{[%clk 0:36:26]} 17. Rb4 {[%clk 0:57:56]} Qh6 {[%clk 0:34:21]} 18. Qf3
{[%clk 0:57:51]} Bd7 {[%clk 0:34:09]} 19. Qg3+ {[%clk 0:58:01]} Kf8
{[%clk 0:33:34]} 20. Rh4 {[%clk 0:58:08]} Qg5 {[%clk 0:33:26]} 21. Qd6+
{[%clk 0:58:18]} Kg8 {[%clk 0:32:28]} 22. Bxh7+ {[%clk 0:27:52]} Kg7
{[%clk 0:28:42]} 23. Be4 {[%clk 0:23:18]} Bb5 {[%clk 0:20:36]} 24. Qg3
{[%clk 0:23:36]} Qxg3 {[%clk 0:19:30]} 25. fxg3 {[%clk 0:23:54]} Bxf1
{[%clk 0:17:28]} 26. Bxa8 {[%clk 0:24:18]} Rxa8 {[%clk 0:16:00]} 27. Kxf1
{[%clk 0:24:42]} Rc8 {[%clk 0:16:20]} 28. Rg4+ {[%clk 0:23:43]} Kh6
{[%clk 0:16:09]} 29. Rf4 {[%clk 0:23:37]} Rc1+ {[%clk 0:16:13]} 30. Ke2
{[%clk 0:23:31]} Rc2+ {[%clk 0:16:30]} 31. Kf1 {[%clk 0:23:51]} f5
{[%clk 0:15:51]} 32. Rf2 {[%clk 0:23:47]} Rc3 {[%clk 0:16:13]} 33. Rf3
{[%clk 0:22:57]} Rc1+ {[%clk 0:16:38]} 34. Kf2 {[%clk 0:22:55]} Rc2+
{[%clk 0:16:59]} 35. Kf1 {[%clk 0:23:18]} Rxa2 {[%clk 0:17:21]} 36. Rc3
{[%clk 0:23:29]} Kg6 {[%clk 0:16:32]} 37. h4 {[%clk 0:23:44]} Kh5
{[%clk 0:15:35]} 38. Kg1 {[%clk 0:24:00]} e5 {[%clk 0:12:27]} 39. Rf3
{[%clk 0:24:03]} Kg4 {[%clk 0:11:38]} 40. Kh2 {[%clk 0:24:00]} f6
{[%clk 0:09:59]} 41. Rc3 {[%clk 0:22:10]} f4 {[%clk 0:08:48]} 42. gxf4
{[%clk 0:22:31]} Kxf4 {[%clk 0:05:51]} 43. Kh3 {[%clk 0:21:57]} e4
{[%clk 0:05:55]} 44. h5 {[%clk 0:21:15]} Kg5 {[%clk 0:04:33]} 45. g4
{[%clk 0:21:21]} f5 {[%clk 0:03:45]} 46. gxf5 {[%clk 0:21:33]} Kxh5
{[%clk 0:03:58]} 47. Rg3 {[%clk 0:21:16]} Rf2 {[%clk 0:03:46]} 48. Rg7
{[%clk 0:21:39]} Rxf5 {[%clk 0:00:59]} 49. Rxa7 {[%clk 0:22:02]} Ra5
{[%clk 0:01:28]} 50. Rh7+ {[%clk 0:22:02]} Kg5 {[%clk 0:01:36]} 51. Rg7+
{[%clk 0:22:06]} Kf4 {[%clk 0:01:52]} 52. Rg4+ {[%clk 0:22:25]} Ke3
{[%clk 0:01:51]} 53. Rg6 {[%clk 0:22:45]} Rxa3 {[%clk 0:00:50]} 54. Rg3+
{[%clk 0:22:06]} Kf2 {[%clk 0:00:59]} 55. Rxa3 {[%clk 0:22:31]} e3
{[%clk 0:01:26]} 56. Ra8 {[%clk 0:22:54]} e2 {[%clk 0:01:49]} 57. Rf8+
{[%clk 0:23:18]} Kg1 {[%clk 0:01:40]} 58. Re8 {[%clk 0:23:29]} Kf2
{[%clk 0:02:01]} 59. Rf8+ {[%clk 0:23:55]} 1/2-1/2

[Event "EYCC 2024 - O12"]
[Site "?"]
[Date "2024.08.26"]
[Round "5.13"]
[White "Gibala, Adam"]
[Black "Frigerio, Riccardo"]
[Result "1-0"]
[BlackElo "1973"]
[WhiteElo "2199"]
[LiveChessVersion "1.4.8"]

1. e4 {[%clk 1:30:56]} c5 {[%clk 1:30:56]} 2. Nf3 {[%clk 1:31:19]} d6
{[%clk 1:31:25]} 3. d4 {[%clk 1:31:42]} cxd4 {[%clk 1:31:52]} 4. Nxd4
{[%clk 1:32:05]} Nf6 {[%clk 1:32:19]} 5. Nc3 {[%clk 1:32:29]} g6 {[%clk 1:32:45]}
6. Be3 {[%clk 1:32:53]} Bg7 {[%clk 1:33:12]} 7. f3 {[%clk 1:33:17]} O-O
{[%clk 1:33:33]} 8. Qd2 {[%clk 1:33:44]} Nc6 {[%clk 1:33:59]} 9. O-O-O
{[%clk 1:34:09]} d5 {[%clk 1:34:15]} 10. Qe1 {[%clk 1:34:36]} e5 {[%clk 1:33:01]}
11. Nxc6 {[%clk 1:34:34]} bxc6 {[%clk 1:33:27]} 12. exd5 {[%clk 1:34:59]} cxd5
{[%clk 1:33:28]} 13. Bg5 {[%clk 1:35:21]} Be6 {[%clk 1:33:51]} 14. Bc4
{[%clk 1:25:34]} Qb6 {[%clk 1:19:40]} 15. Bxf6 {[%clk 1:24:12]} Bxf6
{[%clk 1:20:05]} 16. Nxd5 {[%clk 1:15:14]} Bxd5 {[%clk 1:19:13]} 17. Rxd5
{[%clk 1:14:44]} a5 {[%clk 1:15:36]} 18. Rb5 {[%clk 1:11:34]} Qc7
{[%clk 1:06:40]} 19. Qe4 {[%clk 1:11:26]} Rab8 {[%clk 1:03:54]} 20. Rd1
{[%clk 1:10:37]} a4 {[%clk 1:02:24]} 21. a3 {[%clk 1:03:03]} Rfc8
{[%clk 0:58:33]} 22. Bd3 {[%clk 0:59:46]} Qa7 {[%clk 0:51:31]} 23. Kb1
{[%clk 0:53:01]} Rd8 {[%clk 0:51:07]} 24. Rxb8 {[%clk 0:51:09]} Rxb8
{[%clk 0:51:31]} 25. Ka2 {[%clk 0:50:58]} Be7 {[%clk 0:44:10]} 26. Rb1
{[%clk 0:49:40]} Qa5 {[%clk 0:43:41]} 27. f4 {[%clk 0:48:25]} Bd6
{[%clk 0:40:39]} 28. f5 {[%clk 0:47:09]} Kg7 {[%clk 0:33:31]} 29. h4
{[%clk 0:45:04]} Be7 {[%clk 0:25:55]} 30. h5 {[%clk 0:43:28]} Rb6
{[%clk 0:26:10]} 31. hxg6 {[%clk 0:40:41]} fxg6 {[%clk 0:26:06]} 32. fxg6
{[%clk 0:40:22]} hxg6 {[%clk 0:26:16]} 33. Re1 {[%clk 0:39:49]} Qa7
{[%clk 0:24:17]} 34. Qd5 {[%clk 0:38:40]} Bf6 {[%clk 0:20:12]} 35. Bc4
{[%clk 0:36:53]} Rb8 {[%clk 0:19:55]} 36. Qe4 {[%clk 0:32:18]} Qb6
{[%clk 0:18:22]} 37. Rb1 {[%clk 0:32:41]} Be7 {[%clk 0:15:01]} 38. Bd3
{[%clk 0:32:49]} Qe6+ {[%clk 0:14:57]} 39. Ka1 {[%clk 0:32:55]} Qb6
{[%clk 0:12:15]} 40. Ka2 {[%clk 0:32:09]} Qe6+ {[%clk 0:11:32]} 41. Bc4
{[%clk 0:32:30]} Qd6 {[%clk 0:11:52]} 42. g4 {[%clk 0:31:00]} Rb6
{[%clk 0:10:08]} 43. Qf3 {[%clk 0:28:19]} Qf6 {[%clk 0:09:54]} 44. Qd5
{[%clk 0:28:07]} e4 {[%clk 0:08:26]} 45. g5 {[%clk 0:28:04]} Qf8 {[%clk 0:08:08]}
46. Qe5+ {[%clk 0:28:24]} Bf6 {[%clk 0:08:25]} 47. Qc7+ {[%clk 0:28:52]} Qe7
{[%clk 0:08:36]} 48. gxf6+ {[%clk 0:29:11]} 1-0

[Event "EYCC 2024 - O12"]
[Site "?"]
[Date "2024.08.26"]
[Round "5.14"]
[White "Vincenti, Leonardo"]
[Black "Kiryttopoulos, Ioannis"]
[Result "0-1"]
[BlackElo "1922"]
[WhiteElo "2160"]
[LiveChessVersion "1.4.8"]

1. e4 {[%clk 1:30:58]} g6 {[%clk 1:30:46]} 2. d4 {[%clk 1:30:14]} Bg7
{[%clk 1:30:48]} 3. Nc3 {[%clk 1:30:19]} c6 {[%clk 1:30:51]} 4. Be3
{[%clk 1:29:19]} d5 {[%clk 1:31:14]} 5. Qd2 {[%clk 1:25:08]} dxe4
{[%clk 1:29:45]} 6. Nxe4 {[%clk 1:25:12]} Nd7 {[%clk 1:27:22]} 7. O-O-O
{[%clk 1:05:35]} Ngf6 {[%clk 1:24:07]} 8. Nxf6+ {[%clk 0:57:12]} Nxf6
{[%clk 1:23:55]} 9. Bh6 {[%clk 0:57:03]} Ne4 {[%clk 1:18:44]} 10. Qe3
{[%clk 0:35:46]} Bxh6 {[%clk 1:17:18]} 11. Qxh6 {[%clk 0:36:11]} Nxf2
{[%clk 1:16:10]} 12. Qg7 {[%clk 0:33:52]} Rf8 {[%clk 1:15:36]} 13. Nf3
{[%clk 0:33:30]} Nxd1 {[%clk 1:10:08]} 14. Ng5 {[%clk 0:31:39]} Bg4
{[%clk 0:33:59]} 15. Bc4 {[%clk 0:14:48]} Qd6 {[%clk 0:15:29]} 16. Nxh7
{[%clk 0:10:31]} e6 {[%clk 0:13:52]} 17. Nxf8 {[%clk 0:05:30]} Qxf8
{[%clk 0:14:01]} 18. Qxf8+ {[%clk 0:02:25]} Kxf8 {[%clk 0:14:25]} 19. h3
{[%clk 0:02:52]} Nf2 {[%clk 0:06:45]} 20. Rf1 {[%clk 0:01:37]} Nxh3
{[%clk 0:06:08]} 21. gxh3 {[%clk 0:02:02]} Bf5 {[%clk 0:06:26]} 22. h4
{[%clk 0:01:43]} Kg7 {[%clk 0:05:30]} 23. c3 {[%clk 0:01:32]} Rh8
{[%clk 0:04:30]} 24. Rf4 {[%clk 0:02:00]} Re8 {[%clk 0:02:52]} 25. Kd2
{[%clk 0:00:39]} e5 {[%clk 0:01:43]} 26. dxe5 {[%clk 0:01:07]} Rxe5
{[%clk 0:02:08]} 27. Rd4 {[%clk 0:01:15]} Re4 {[%clk 0:00:32]} 28. Rxe4
{[%clk 0:01:15]} Bxe4 {[%clk 0:01:01]} 29. Ke3 {[%clk 0:01:37]} Bf5
{[%clk 0:00:32]} 30. Kf4 {[%clk 0:01:56]} Kf6 {[%clk 0:00:44]} 31. a4
{[%clk 0:01:15]} Be6 {[%clk 0:00:34]} 32. Bd3 {[%clk 0:01:35]} b6
{[%clk 0:00:33]} 33. b4 {[%clk 0:00:39]} a5 {[%clk 0:00:36]} 34. bxa5
{[%clk 0:00:36]} bxa5 {[%clk 0:00:53]} 35. Bc2 {[%clk 0:00:56]} c5
{[%clk 0:00:37]} 36. Bd1 {[%clk 0:01:01]} Bd5 {[%clk 0:00:44]} 37. Bc2
{[%clk 0:01:15]} Bc6 {[%clk 0:00:34]} 38. Bb3 {[%clk 0:01:40]} Bb7
{[%clk 0:00:42]} 39. Bc4 {[%clk 0:01:55]} Ba8 {[%clk 0:00:45]} 40. Ba2
{[%clk 0:02:05]} Bc6 {[%clk 0:00:35]} 41. Bb3 {[%clk 0:02:34]} Bd7
{[%clk 0:00:35]} 42. Bc2 {[%clk 0:02:30]} Be6 {[%clk 0:00:39]} 43. Bd1
{[%clk 0:02:57]} Bd5 {[%clk 0:00:47]} 44. Bc2 {[%clk 0:03:23]} Bc4
{[%clk 0:00:55]} 45. Bd1 {[%clk 0:03:35]} Ke6 {[%clk 0:00:50]} 46. Bc2
{[%clk 0:03:11]} Bd5 {[%clk 0:00:56]} 47. Bd1 {[%clk 0:03:32]} f6
{[%clk 0:00:52]} 48. Bc2 {[%clk 0:02:22]} Kf7 {[%clk 0:00:43]} 49. Bd1
{[%clk 0:01:53]} Kg7 {[%clk 0:00:46]} 50. Bc2 {[%clk 0:02:18]} Kh6
{[%clk 0:01:01]} 51. Bd1 {[%clk 0:02:31]} Be6 {[%clk 0:00:40]} 52. Ke4
{[%clk 0:00:35]} g5 {[%clk 0:00:34]} 53. hxg5+ {[%clk 0:00:42]} Kxg5
{[%clk 0:00:58]} 54. Be2 {[%clk 0:00:37]} Bb3 {[%clk 0:00:37]} 55. Bb5
{[%clk 0:01:02]} Be6 {[%clk 0:00:38]} 56. Be2 {[%clk 0:01:17]} Kg6
{[%clk 0:00:36]} 57. Bd1 {[%clk 0:01:02]} Kf7 {[%clk 0:00:46]} 58. Kf4
{[%clk 0:01:18]} Ke7 {[%clk 0:00:54]} 59. Bc2 {[%clk 0:01:40]} Kd6
{[%clk 0:00:58]} 60. Bd1 {[%clk 0:02:01]} Ba2 {[%clk 0:00:33]} 61. Be2
{[%clk 0:01:11]} Bb3 {[%clk 0:00:43]} 62. Bb5 {[%clk 0:01:35]} Bc2
{[%clk 0:00:38]} 63. Be8 {[%clk 0:00:59]} Bb3 {[%clk 0:00:36]} 64. Bb5
{[%clk 0:00:35]} Be6 {[%clk 0:00:36]} 65. Be2 {[%clk 0:00:32]} Kd5
{[%clk 0:00:36]} 66. Ke3 {[%clk 0:00:45]} Bd7 {[%clk 0:00:36]} 67. Bd1
{[%clk 0:00:53]} Kc4 {[%clk 0:00:33]} 68. Kd2 {[%clk 0:01:19]} Bc6
{[%clk 0:00:34]} 69. Bc2 {[%clk 0:01:14]} Bf3 {[%clk 0:00:31]} 70. Bd3+
{[%clk 0:00:47]} Kb3 {[%clk 0:00:41]} 71. Bb5 {[%clk 0:01:11]} Bd5
{[%clk 0:00:37]} 72. Kd3 {[%clk 0:01:18]} f5 {[%clk 0:00:36]} 73. Bd7
{[%clk 0:01:24]} Be4+ {[%clk 0:00:51]} 74. Kd2 {[%clk 0:01:49]} f4
{[%clk 0:00:35]} 75. Be8 {[%clk 0:02:04]} f3 {[%clk 0:00:32]} 76. Bb5
{[%clk 0:02:19]} f2 {[%clk 0:00:31]} 77. Ke2 {[%clk 0:02:33]} Kxc3
{[%clk 0:00:42]} 78. Kxf2 {[%clk 0:02:59]} c4 {[%clk 0:00:33]} 79. Ke2
{[%clk 0:02:37]} Bd5 {[%clk 0:00:38]} 80. Ke3 {[%clk 0:02:07]} Bf7
{[%clk 0:00:35]} 81. Ba6 {[%clk 0:01:50]} Kb2 {[%clk 0:00:33]} 82. Kd4
{[%clk 0:01:48]} c3 {[%clk 0:00:37]} 83. Bd3 {[%clk 0:02:17]} Be8
{[%clk 0:00:32]} 84. Kc5 {[%clk 0:01:45]} Kb3 {[%clk 0:00:36]} 85. Be4
{[%clk 0:01:25]} Bxa4 {[%clk 0:00:39]} 86. Bd5+ {[%clk 0:01:44]} Kb2
{[%clk 0:00:49]} 87. Be4 {[%clk 0:02:04]} c2 {[%clk 0:01:05]} 88. Bxc2
{[%clk 0:02:31]} Bxc2 {[%clk 0:01:31]} 89. Kb5 {[%clk 0:02:59]} a4
{[%clk 0:01:57]} 90. Kb4 {[%clk 0:03:26]} a3 {[%clk 0:02:21]} 91. Kc4
{[%clk 0:03:54]} a2 {[%clk 0:02:46]} 92. Kb4 {[%clk 0:04:23]} a1=Q
{[%clk 0:03:09]} 93. Kc4 {[%clk 0:04:50]} Qa4+ {[%clk 0:03:33]} 94. Kd5
{[%clk 0:05:18]} Kc3 {[%clk 0:03:55]} 95. Ke5 {[%clk 0:05:45]} Qd4+
{[%clk 0:04:20]} 96. Ke6 {[%clk 0:06:11]} Bf5+ {[%clk 0:04:41]} 97. Kxf5
{[%clk 0:06:37]} Qe3 {[%clk 0:05:07]} 98. Kf6 {[%clk 0:07:03]} Qe4
{[%clk 0:05:32]} 99. Kg7 {[%clk 0:07:29]} Qf5 {[%clk 0:05:55]} 100. Kh8
{[%clk 0:07:56]} Qg5 {[%clk 0:06:20]} 0-1